| 000 | 00742nam a2200241 i 4500 | ||
|---|---|---|---|
| 001 | 39226 | ||
| 003 | ES-MaACL | ||
| 005 | 20240305180203.0 | ||
| 007 | t| | ||
| 008 | 030227s1969 sp |||| | gao d | ||
| 080 | _a37(460.11) | ||
| 080 | _a37(460) | ||
| 100 | 1 |
_aCambre Mariño, Jesús. _934043 |
|
| 245 | 1 | 0 |
_aEducación e desenrolo _b: estructura e problemas do ensino en Galicia i en España / _cXesús Cambre Mariño. |
| 260 |
_aVigo : _bGalaxia, _c1969. |
||
| 300 |
_a140 p. ; _c20 cm. |
||
| 490 | 1 |
_aEnquisa ; _v2 |
|
| 650 | 7 |
_aEnseñanza- _zGalicia _2 _9164644 |
|
| 650 |
_aEnseñanza- _zEspaña- _xPlanes económicos. _9164645 |
||
| 830 | 1 |
_aEnquisa ; _v2 _9229697 |
|
| 852 | 4 |
_aES-MaACL _jC-35889 |
|
| 999 |
_c39226 _d39226 |
||